000
00192 a2200097 4500
020
_a
9780021819256
041
_a
spa
100
_a
McGraw,hill,Macmillan
245
_a
Naranja Dulce
942
_c
BK
999
_c
31769
_d
31767